00777nam a2200181Ia 4500003000900000008004100009020002600050040001600076100003300092245009400125260003200219300002000251490003300271856010300304942000700407999001700414952016400431IN-BaIIA211028s9999 xx s 000 0 eng d a9780819442109 (Print) cIIA Library aGorenstein, Paul, ed.913355 0aX-Ray Optics for Astronomy: Telescopes, Multilayers, Spectrometers, and Missionsh[eBook] aWashington, USAbSPIEc2002 aOnline resource aProceedings of SPIE; V. 4496 uhttps://www.spiedigitallibrary.org/conference-proceedings-of-spie/4496yClick Here to Access eBook cEB c33885d33885 00104070aBANbBANd2011-07-01eSPIEhV. 4496l0pEB13345r2021-11-05uhttps://www.spiedigitallibrary.org/conference-proceedings-of-spie/4496w2021-11-05yEB